000 00956nam a2200265 i 4500
001 bg
100 1 _aGRZEGORZEWSKA-RAMOCKA, Ewa
245 1 0 _aKoncepcja społecznej odpowiedzialności przedsiębiorstwa w marketingu strategicznym /
_cEwa Grzegorzewska-Ramocka.
260 _aKielce :
_bWydaw. PŚ,
_c2004.
300 _a340 s. ;
_c24 cm.
490 1 _aMonografie, Studia, Rozprawy / [Politechnika Świętokrzyska] ;
_v49
500 _aNa s. red. i s. 4 okł. błędny i zbędny ISSN. - Streszcz. ang.
504 _aBibliogr.
650 9 _aMarketing strategiczny
650 9 _aPrzedsiębiorstwo
_xsocjologia
650 9 _aGospodarka
_xsocjologia
650 9 _aKonsumenci (ekon.)
_xbadanie
650 9 _aEtyka biznesu
830 0 _aMonografie, Studia, Rozprawy ([Politechnika Świętokrzyska]) ;
_v49
040 _cBPK
041 0 _apol
_beng
080 _a339.138:316.334.2:366:174
942 _cKS
008 s pl f |000 0 pol
999 _c45878
_d45878
856 _uhttp://koha.tu.koszalin.pl/cgi-bin/koha/opac-detail.pl?biblionumber=45878
_yKatalog online BPK